000 00491nam a2200169Ia 4500
003 GCL
008 140319s9999 xx 000 0 ara d
040 _aGCL /
_cGCL
082 0 4 _aط
_b813.088
_bم ص
100 1 _aمدحت منصور المظالى
245 1 0 _aصغار لكنهم كبار /
_cمدحت منصور المظالى
490 _aاطفالنا
_v0
650 0 4 _aالاطفال
650 0 4 _aقصص الاطفال
650 0 4 _aالقصص الدينية
942 _2ddc
_cBK
999 _c38962
_d38962